Sports Quiz

Random Sports or NFL Quiz

1300 Yard Rushers in NFL History Quiz Stats

 Plays Quiz not verified by Sporcle

Score 0/208 Timer 15:00
0 Plays Today
Year Name % Correct
2012Adrian Peterson
100%
2016Ezekiel Elliott
100%
2013LeSean McCoy
100%
2011Maurice Jones-Drew
100%
2015Adrian Peterson
100%
2010Chris Johnson
100%
2010Maurice Jones-Drew
100%
2014LeSean McCoy
100%
2011LeSean McCoy
100%
2017Todd Gurley
100%
2009Chris Johnson
96.1%
1984Eric Dickerson
94.8%
1986Eric Dickerson
94.8%
1983Eric Dickerson
94.8%
1988Eric Dickerson
94.8%
1989Eric Dickerson
94.8%
1997Barry Sanders
94%
1994Barry Sanders
94%
1996Barry Sanders
94%
1991Barry Sanders
94%
1995Barry Sanders
94%
1998Barry Sanders
94%
1989Barry Sanders
94%
1992Barry Sanders
94%
1990Barry Sanders
94%
1995Emmitt Smith
93.8%
1992Emmitt Smith
93.8%
1991Emmitt Smith
93.8%
1993Emmitt Smith
93.8%
1994Emmitt Smith
93.8%
1999Emmitt Smith
93.8%
1998Emmitt Smith
93.8%
2003Jamal Lewis
91.7%
2000Jamal Lewis
91.7%
2002Jamal Lewis
91.7%
2007Jamal Lewis
91.7%
2006Larry Johnson
90.6%
2005Larry Johnson
90.6%
1998Terrell Davis
89.9%
1997Terrell Davis
89.9%
1996Terrell Davis
89.9%
1973O.J. Simpson
89.5%
1975O.J. Simpson
89.5%
1976O.J. Simpson
89.5%
1963Jim Brown
89%
1965Jim Brown
89%
1958Jim Brown
89%
1964Jim Brown
89%
1961Jim Brown
89%
1959Jim Brown
89%
1977Walter Payton
88.3%
1984Walter Payton
88.3%
1979Walter Payton
88.3%
1985Walter Payton
88.3%
1980Walter Payton
88.3%
1983Walter Payton
88.3%
1978Walter Payton
88.3%
1976Walter Payton
88.3%
1986Walter Payton
88.3%
2006LaDainian Tomlinson
86.7%
2002LaDainian Tomlinson
86.7%
2003LaDainian Tomlinson
86.7%
2007LaDainian Tomlinson
86.7%
2005LaDainian Tomlinson
86.7%
2004LaDainian Tomlinson
86.7%
2001Marshall Faulk
86.3%
1999Marshall Faulk
86.3%
2000Marshall Faulk
86.3%
1998Marshall Faulk
86.3%
2005Shaun Alexander
86.1%
Year Name % Correct
2004Shaun Alexander
86.1%
2003Shaun Alexander
86.1%
2001Shaun Alexander
86.1%
2008Adrian Peterson
85.4%
2009Adrian Peterson
85.4%
2007Adrian Peterson
85.4%
2004Curtis Martin
83.8%
2001Curtis Martin
83.8%
1995Curtis Martin
83.8%
1999Curtis Martin
83.8%
2003Curtis Martin
83.8%
2002Ricky Williams
83.3%
1997Jerome Bettis
83.3%
1996Jerome Bettis
83.3%
1993Jerome Bettis
83.3%
2003Ricky Williams
83.3%
2000Jerome Bettis
83.3%
2005Tiki Barber
82.1%
2006Tiki Barber
82.1%
2004Tiki Barber
82.1%
2002Tiki Barber
82.1%
2009Thomas Jones
81.9%
2005Thomas Jones
81.9%
2008Thomas Jones
81.9%
2005Rudi Johnson
81.5%
2004Rudi Johnson
81.5%
2006Rudi Johnson
81.5%
2000Robert Smith
81.3%
2000Edgerrin James
81%
1999Edgerrin James
81%
2004Edgerrin James
81%
2005Edgerrin James
81%
2014DeMarco Murray
80%
2012Jamaal Charles
80%
2010Jamaal Charles
80%
2011Michael Turner
80%
2003Stephen Davis
79.4%
2001Stephen Davis
79.4%
1999Stephen Davis
79.4%
2000Stephen Davis
79.4%
2002Priest Holmes
79.2%
2001Priest Holmes
79.2%
2003Priest Holmes
79.2%
2008DeAngelo Williams
78.7%
2006Steven Jackson
78.3%
2009Steven Jackson
78.3%
2003Ahman Green
78.2%
2001Ahman Green
78.2%
2003Clinton Portis
77.8%
2005Clinton Portis
77.8%
2002Clinton Portis
77.8%
2008Clinton Portis
77.8%
2004Clinton Portis
77.8%
2003Fred Taylor
75.8%
2000Fred Taylor
75.8%
2002Fred Taylor
75.8%
1992Thurman Thomas
75.5%
1991Thurman Thomas
75.5%
1993Thurman Thomas
75.5%
1998Jamal Anderson
75.3%
2004Corey Dillon
75.3%
2000Corey Dillon
75.3%
2001Corey Dillon
75.3%
2002Corey Dillon
75.3%
2000Mike Anderson
74.2%
1980Earl Campbell
73.7%
1979Earl Campbell
73.7%
1978Earl Campbell
73.7%
1981Earl Campbell
73.7%
1983Earl Campbell
73.7%
Year Name % Correct
1985Marcus Allen
72.6%
2006Frank Gore
71.4%
1979Ottis Anderson
71.4%
1981Ottis Anderson
71.4%
1980Ottis Anderson
71.4%
2000Eddie George
70.3%
1997Eddie George
70.3%
1996Eddie George
70.3%
1999Eddie George
70.3%
2009Maurice Jones-Drew
69.4%
1983John Riggins
69.4%
2005Warrick Dunn
68.9%
1981Tony Dorsett
68.4%
1978Tony Dorsett
68.4%
1983Tony Dorsett
68.4%
1985Tony Dorsett
68.4%
2008Michael Turner
68.2%
2006Willie Parker
67.7%
2007Willie Parker
67.7%
1996Ricky Watters
65.9%
1996Terry Allen
65.2%
1995Terry Allen
65.2%
2007Brian Westbrook
64.8%
1962Jim Taylor
64.7%
1961Jim Taylor
64.7%
1988Roger Craig
62%
1992Barry Foster
60.2%
2010Arian Foster
60%
2012Alfred Morris
60%
2012Doug Martin
60%
2015Doug Martin
60%
2013Matt Forte
60%
2017Kareem Hunt
60%
2016Jordan Howard
60%
2003Deuce McAllister
59.5%
2002Deuce McAllister
59.5%
2009Ray Rice
58.6%
1998Garrison Hearst
53.1%
1986Joe Morris
52%
1985Joe Morris
52%
1989Christian Okoye
50.8%
1988Herschel Walker
47.8%
1987Charles White
47.2%
2002Travis Henry
47.1%
2003Travis Henry
47.1%
1994Natrone Means
44.8%
1985Gerald Riggs
44.4%
1984Gerald Riggs
44.4%
1986Gerald Riggs
44.4%
1986Curt Warner
44%
1983Curt Warner
44%
2014Marshawn Lynch
40%
1997Dorsey Levens
39.8%
1981Billy Sims
36.8%
1980Billy Sims
36.8%
1994Chris Warren
36.4%
1995Chris Warren
36.4%
1981George Rogers
33.9%
1979Wilbert Montgomery
30.4%
1981Wilbert Montgomery
30.4%
1985Freeman McNeil
29%
1984James Wilder
27.7%
1985James Wilder
27.7%
1983William Andrews
20.6%
1980William Andrews
20.6%
1981William Andrews
20.6%
1986Reuben Mayes
13.9%
1974Otis Armstrong
12.1%

You're not logged in!

Compare scores with friends on all Sporcle quizzes.
OR
Log In

Show Comments

Extras

Top Quizzes Today


Score Distribution

Your Account Isn't Verified!

In order to create a playlist on Sporcle, you need to verify the email address you used during registration. Go to your Sporcle Settings to finish the process.

Report this User

Report this user for behavior that violates our Community Guidelines.

Details: